History Quiz

Random History or Art Quiz
Score 0/16 Timer 04:00
1 Play Today
% Correct
Henry VIII
94.2%
Napoleon
93.5%
The Kiss
90.6%
Self-Portrait with Grey Felt Hat
87%
The
Thirteen
Emperors
86.8%
Tahitian Women
86.2%
Christ Pantocrator
85.8%
The Weeping Woman
78.9%
% Correct
Celestial
Dancer
78.9%
Lady with an Ermine
76.3%
Nighthawks
74.2%
Charioteer of Delphi
73.4%
The Son
of Man
72.5%
Moses
71.5%
Olympia
70.1%
The Cheat with the
Ace of Clubs
61.5%
Remove Ads.
Support Sporcle.
Get the best of Sporcle when you Go Orange. This ad-free experience offers more features, more stats, and more fun while also helping to support Sporcle. Thank you for becoming a member.

You're not logged in!

Compare scores with friends on all Sporcle quizzes.
OR
Log In

Show Comments

Extras

Top Quizzes Today


Score Distribution

Your Account Isn't Verified!

In order to create a playlist on Sporcle, you need to verify the email address you used during registration. Go to your Sporcle Settings to finish the process.

Report this User

Report this user for behavior that violates our Community Guidelines.

Details: